书目信息 |
| 题名: |
心脏外科解剖学
|
|
| 作者: | 威尔科克斯 , 库克 , 安德森 著 ;周睿 翻译 | |
| 分册: | ||
| 出版信息: | 上海 上海科学技术出版社 2006.11 |
|
| 页数: | 319页 | |
| 开本: | 29cm | |
| 丛书名: | ||
| 单 册: | ||
| 中图分类: | R654.2 | |
| 科图分类: | ||
| 主题词: | ||
| 电子资源: | ||
| ISBN: | 7-5323-8573-6 | |
| 000 | 01114nam2 2200289 450 | |
| 001 | 0100000415 | |
| 005 | 20070709094127.57 | |
| 010 | @a7-5323-8573-6@b精装@dCNY185.00 | |
| 100 | @a20070609d2006 ekmy0chiy50 ea | |
| 101 | 1 | @achi@ceng |
| 102 | @aCN@b310000 | |
| 105 | @aa a 001yy | |
| 200 | 1 | @a心脏外科解剖学@Axin zang wai ke jie pou xue@d= Surgical anatomy of the heart@f(美) 本森·R.威尔科克斯等著@F(mei)ben sen·R.wei er ke ke si deng zhu@g周睿翻译@zeng |
| 210 | @a上海@c上海科学技术出版社@d2006.11 | |
| 215 | @a319页@c图@d29cm | |
| 320 | @a本书章末有参考文献,后附索引 | |
| 330 | @a本书从心脏外科手术切口开始,系统地介绍了正常心脏各腔室的解剖、心脏的瓣膜、心脏的循环及传导系统,并逐步深入到各类心脏畸形、缺损和异常的病理解剖中。 | |
| 510 | 1 | @aSurgical anatomy of the heart@zeng |
| 690 | @aR654.2@v4 | |
| 701 | 1 | @a威尔科克斯@Awei er ke ke si@b本森·R@4著 |
| 701 | 1 | @a库克@Aku ke@b安德鲁·C@4著 |
| 701 | 1 | @a安德森@Aan de sen@b罗伯特·H@4著 |
| 702 | 0 | @a周睿@Azhou rui@4翻译 |
| 801 | 0 | @aCN@bYXSD@c20070709 |
| 901 | @a1111 | |
| 905 | @aBZT@dR654.2@e1@f2 | |
| 906 | @dCNY185.00@n0@r1 | |
| 心脏外科解剖学= Surgical anatomy of the heart/(美) 本森·R.威尔科克斯等著/周睿翻译.-上海:上海科学技术出版社,2006.11 |
| 319页:图;29cm |
| ISBN 7-5323-8573-6(精装):CNY185.00 |
| 本书从心脏外科手术切口开始,系统地介绍了正常心脏各腔室的解剖、心脏的瓣膜、心脏的循环及传导系统,并逐步深入到各类心脏畸形、缺损和异常的病理解剖中。 |
| ● |
| 相关链接 |
|
|
|
正题名:心脏外科解剖学
索取号:R654.2/1
 
预约/预借
| 序号 | 登录号 | 条形码 | 馆藏地/架位号 | 状态 | 备注 |
| 1 | 0569586 | 230189244 | 样本书库/样006架B面3层2列/ [索取号:R654.2/1] | 在馆 | |
| 2 | 0569587 | 230189245 | 教材工具书阅览室/工002架B面1层1列/ [索取号:R654.2/1] | 在馆 |